250 tips, techniques, and trade secrets for potters (Record no. 9761)
[ view plain ]
| 000 -LEADER | |
|---|---|
| fixed length control field | 00359 a2200145 4500 |
| 003 - CONTROL NUMBER IDENTIFIER | |
| control field | OSt |
| 005 - DATE AND TIME OF LATEST TRANSACTION | |
| control field | 20220302155158.0 |
| 008 - FIXED-LENGTH DATA ELEMENTS--GENERAL INFORMATION | |
| fixed length control field | 220302b ||||| |||| 00| 0 eng d |
| 020 ## - INTERNATIONAL STANDARD BOOK NUMBER | |
| International Standard Book Number | 9781789940039 |
| 082 ## - DEWEY DECIMAL CLASSIFICATION NUMBER | |
| Edition number | 23 |
| Classification number | 738.14 |
| Item number | ATK |
| 100 ## - MAIN ENTRY--PERSONAL NAME | |
| Personal name | JocquiAtkin |
| 245 ## - TITLE STATEMENT | |
| Title | 250 tips, techniques, and trade secrets for potters |
| 260 ## - PUBLICATION, DISTRIBUTION, ETC. (IMPRINT) | |
| Name of publisher, distributor, etc | Herbert Press |
| 942 ## - ADDED ENTRY ELEMENTS (KOHA) | |
| Source of classification or shelving scheme | |
| Withdrawn status | Lost status | Source of classification or shelving scheme | Damaged status | Koha normalized classification for sorting | Not for loan | Permanent location | Current location | Date acquired | Source of acquisition | Cost, normal purchase price | Full call number | Barcode | Date last seen | Cost, replacement price | Price effective from | Koha item type |
|---|---|---|---|---|---|---|---|---|---|---|---|---|---|---|---|---|
| 738_140000000000000_ATK | BMS College of Architecture, Design and Planning | BMS College of Architecture, Design and Planning | 2022-03-02 | 1 | 1961.25 | 738.14 ATK | AR-UG2730 | 2022-03-02 | 2615.00 | 2022-03-02 | UG Books | |||||
| 738_140000000000000_ATK | BMS College of Architecture, Design and Planning | BMS College of Architecture, Design and Planning | 2022-03-02 | 1 | 1961.25 | 738.14 ATK | AR-UG2731 | 2022-03-02 | 2615.00 | 2022-03-02 | UG Books | |||||
| 738_140000000000000_ATK | BMS College of Architecture, Design and Planning | BMS College of Architecture, Design and Planning | 2022-03-02 | 1 | 1961.25 | 738.14 ATK | AR-UG2732 | 2022-03-02 | 2615.00 | 2022-03-02 | UG Books | |||||
| 738_140000000000000_ATK | BMS College of Architecture, Design and Planning | BMS College of Architecture, Design and Planning | 2022-03-02 | 1 | 1961.25 | 738.14 ATK | AR-UG2729 | 2022-03-02 | 2615.00 | 2022-03-02 | UG Books | |||||
| 738_140000000000000_ATK | BMS College of Architecture, Design and Planning | BMS College of Architecture, Design and Planning | 2022-03-02 | 1 | 1961.25 | 738.14 ATK | AR-UG2728 | 2022-03-02 | 2615.00 | 2022-03-02 | UG Books |